| 000 | 00662nam a22002292 4500 | ||
|---|---|---|---|
| 001 | 0000001319 | ||
| 005 | 20151217145724.0 | ||
| 008 | 070305s xx 000 0 eng d | ||
| 020 | _cKES 500 (don.) | ||
| 040 |
_aKABU _cKABU |
||
| 050 | 0 |
_aHB172 _b.K37 1994 |
|
| 100 | 1 |
_aKatz, Michael L. _@0000159947 |
|
| 245 | 1 | 0 |
_aMicroeconomics / _cMichael L. Katz, Harvey S. Rosen. |
| 250 | _a2nd ed. | ||
| 260 |
_aBurr Ridge, Illinois : _bIrwin, _c1994. |
||
| 300 | _axxix, 705 p. | ||
| 650 | 0 |
_aMicroeconomics. _@0000149944 |
|
| 700 | 1 |
_aRosen, Harvey S. _@0000152735 |
|
| 908 | _a070305 | ||
| 950 | _@1 | ||
| 999 |
_c1897 _d1897 |
||